Conflict, wage determination, and hysteresis in U.K. wage determination (Registro nro. 29353)

Detalles MARC
000 -LEADER
fixed length control field 00400 a2200121 4500
001 - CONTROL NUMBER
control field ART_45581
005 - DATE AND TIME OF LATEST TRANSACTION
control field 20260410161939.0
008 - FIXED-LENGTH DATA ELEMENTS--GENERAL INFORMATION
fixed length control field 260409a
100 1# - MAIN ENTRY--PERSONAL NAME
Personal name Arestis, Philip
245 10 - TITLE STATEMENT
Title Conflict, wage determination, and hysteresis in U.K. wage determination
700 1# - ADDED ENTRY--PERSONAL NAME
Personal name Skott, Peter
773 0# - HOST ITEM ENTRY
Title Journal of post Keynesian economics
Related parts - Vol. 15, Nº 3 (mar. 1993)
Record control number REV26226

No hay ítems disponibles.